Кабала (Запис номер 3804)
[ съкратено ]
| 000 -Лидер | |
|---|---|
| Контролно поле с фиксирана дължина | 01701nam a2200349 c 4500 |
| 003 - Код на организацията, давaща контролен номер | |
| Контролно поле | BLK |
| 005 - Дата и час на последна редакция | |
| Контролно поле | 20230216123024.0 |
| 008 - Елементи от данни с фиксирана дължина | |
| fixed length control field | 180412b bul|||||r ||||||| ||bul|| |
| 010 ## - Наследен системен номер | |
| LC control number | KNG00004921000 |
| 020 ## - Международен стандартен номер на книга ISBN | |
| Международен стандартен номер на книга ISBN | 954-626-005-3 |
| -- | издат.: Аратрон |
| 040 ## - Източник на каталожния запис | |
| Идентификатор на билиотеката - собственик на записа | BLK |
| 041 ## - Код за език | |
| Код за езика на текст/звукозапис или на отделно заглавие | Български |
| Код за езика КДБФ | Български |
| 080 ## - УДК | |
| Текстов определител УДК | Философски мистицизъм. Ранни езотерични школи. Кабала. Теософия. Антропософия. Суфизъм. Еклектизъм. Синкретизъм. Херметизъм. Розенкройцерство. Др. школи |
| УДК код - определител по УДК | 141.33 |
| УДК определител | |
| УДК - код + определител | 141.33 |
| 080 ## - УДК | |
| Текстов определител УДК | Проблеми на окултното. Теории и системи на езотеричните дисциплини, които изясняват и интерпретират феномените и проблемите на окултното. Вж и 159.961; 291.3 |
| УДК код - определител по УДК | 133 |
| УДК определител | |
| УДК - код + определител | 133 |
| 100 1# - Редна дума - Автор | |
| Автор | Папюс |
| Авторска отговорност | първи автор |
| R(LIN) | 106669 |
| 139 ## - Редно поле | |
| Редна дума | Папюс |
| Авторски знак | Пап - П 21 |
| 245 10 - Сведения за заглавието | |
| Заглавие | Кабала |
| Подзаглавни данни | Наука за бога, вселената и човека |
| Редно поле (дума) | Папюс; прев. от фр. Ангел Цветков. |
| 257 ## - Страна на издаване | |
| Страна на създаване/издаване | Франция |
| 260 ## - Област на издателските данни | |
| -- | София |
| Име на издателя, разпространителя и проч. | Аратрон |
| Година на издаване | 1994 |
| 300 ## - Физическа характеристика | |
| Страници | 220 с. |
| Илюстрации и др. | с табл., сх. |
| Размери/Мащаб | 20 см |
| 380 ## - Жанр | |
| Жанр | Философия |
| 500 ## - Общи забележки | |
| Забележка | Папюс - псевд. на Жерар д'Анкос. - 500 тир. |
| 650 #4 - Допълнително описание по предмет – тема | |
| Основно описание – тема или топоним | Кабала |
| 9 (RLIN) | 158062 |
| 650 #4 - Допълнително описание по предмет – тема | |
| Основно описание – тема или топоним | Окултизъм |
| 9 (RLIN) | 164936 |
| 653 ## - Ключова дума – ненормативна | |
| Ключова дума | кабала |
| 700 1# - Други автори (авторска отговорност) | |
| Лично име | Цветков, Ангел |
| Автороска отговорност (Описва отношението между автора и произведението) | прев. от фр. |
| 9 (RLIN) | 247832 |
| 852 ## - Местоположение | |
| Форматна сигнатура | Цб 179557 |
| 856 4# - Електронен адрес и достъп | |
| Електронен формат | pdf - файл |
| Път до файла /url/ | |
| 856 4# - Електронен адрес и достъп | |
| Електронен формат | pdf - файл |
| Път до файла /url/ | |
| 942 ## - АРТИКУЛИ | |
| Вид на библиотечния материал | Книги |
| Скрит в OPAC | Не |
| Koha issues (borrowed), all copies | 8 |
| 944 ## - СЪЗДАВАНЕ И РЕДАКЦИЯ на ЗАПИСА | |
| Създаване/Редакция | Създаване |
| Дата на регистрацията/редакция | 15.01.2003 |
| Служител, извършил регистрацията/редакцията | Цветанка_Енчева |
| 944 ## - СЪЗДАВАНЕ И РЕДАКЦИЯ на ЗАПИСА | |
| Създаване/Редакция | Редакция |
| Дата на регистрацията/редакция | 27.02.2007 |
| Служител, извършил регистрацията/редакцията | |
| 999 ## - СИСТЕМНИ КОНТРОЛНИ НОМЕРА | |
| Koha biblionumber | 3804 |
| Koha biblioitemnumber | 3804 |
| Код за отписване | Код за изгубен артикул | Източник на класификационната схема | Код за повреда | Коз за рестрикции | Код за отдаване | Артикулен № | Име на библиотеката - собственик | Име на библиотеката, в която се намира в момента | Статус (Текущо местоположение) | Дата на вписване в системата | Местоположение - отдел | Цена в лева | Инвентарен номер | Систематично азбучна сигнатура | Баркод | Номер на екземпляра | Цена в евро | Служебна бележка | Служебен тип на артикула |
|---|---|---|---|---|---|---|---|---|---|---|---|---|---|---|---|---|---|---|---|
| Не е изгубен | Universal Decimal Classification | Не е повреден | без рестрикции | ползва се в читалня | 6805 | Регионална библиотека "Любен Каравелов" Русе | Регионална библиотека "Любен Каравелов" Русе | Хранилище | 2001-01-01 | Хранилище | 0.77 | 608134 | Цб 179557 | 120000608134 | 1 | 0.39 | Дост: Dp Вид: Д N: стар фонд Дата: 01.01.2001 Дата инв: 23.06.2015 Бележки инв: Цб2015 | Книги | |
| Не е изгубен | Universal Decimal Classification | Не е повреден | без рестрикции | заемане за дома | 6806 | Регионална библиотека "Любен Каравелов" Русе | Регионална библиотека "Любен Каравелов" Русе | Заемна - подръчен фонд | 2007-01-09 | Заемна - подръчен фонд | 8.60 | 120000708333 | П 14/П 21 | 120000708333 | 2 | 4.40 | Дост: DA Вид: А N: 1 Дата: 05.01.2007 Дата инв: 01.02.2018 Бележки инв: П2018 | Книги |